| 000 | 01171nam a22002895a 4500 | ||
|---|---|---|---|
| 003 | OSt | ||
| 005 | 20170821154623.0 | ||
| 008 | 170726s2016 xx a grb 000 0 ara d | ||
| 040 |
_aEG-ScBUE _bara _cEG-ScBUE |
||
| 041 | 1 |
_aara _beng |
|
| 043 | _af-ua--- | ||
| 082 | 0 | 4 |
_222 _a363.50962 _bج ب ل |
| 100 | 1 | _aجبلاوي، كمال محمود كمال. | |
| 245 | 1 | 0 |
_aحلول نابعة من السكان لحل مشكلة الإسكان من خلال الإمتدادات / _cإعداد كمال محمود كمال الجبلاوي. |
| 246 | 3 | 1 | _aSolutions stemming from the population to solve the housing problem through extensions. |
| 250 | _aط. 1. | ||
| 260 |
_a[د. م. : _bد. ن.]، _c2016 |
||
| 300 |
_a410 ص. : _bإيض. ؛ _c30 سم. |
||
| 504 | _aيشتمل على إرجاعات ببليوجرافية. | ||
| 541 | _aإهداء من بكا. | ||
| 546 | _aالنص باللغة العربية ويشتمل على ملخص باللغة الإنجليزية. | ||
| 590 | _aدعاء | ||
| 650 | 7 |
_2BUEsh _aالإسكان _zمصر. |
|
| 651 |
_2BUEsh _aمصر _xأحوال اجتماعية. |
||
| 653 |
_bGGEN _cJuly2017 _cAugust2017 |
||
| 942 | _2ddc | ||
| 999 |
_c25076 _d25048 |
||